Phân tích sự tồn tại : Luận văn Thạc sĩ chuyên ngành Lý thuyết xác suất và thống kê toán học
Đề tài trình bày định nghĩa về thời gian tồn tại, sự mất dữ liệu, hàm sống sót, hàm mật độ xác suất, ... Phân tích tham số và trình bày mô hình tỷ lệ mạo hiểm Cox.
Sparad:
| Huvudupphovsman: | |
|---|---|
| Materialtyp: | Bok |
| Språk: | Undetermined |
| Publicerad: |
Cần Thơ
Trường Đại học Cần Thơ
2014
|
| Ämnen: | |
| Taggar: |
Lägg till en tagg
Inga taggar, Lägg till första taggen!
|
| Thư viện lưu trữ: | Trung tâm Học liệu Trường Đại học Cần Thơ |
|---|
| LEADER | 01138nam a2200229Ia 4500 | ||
|---|---|---|---|
| 001 | CTU_194043 | ||
| 008 | 210402s9999 xx 000 0 und d | ||
| 082 | |a 519.5 | ||
| 082 | |b L431 | ||
| 088 | |a 604615 | ||
| 100 | |a Nguyễn, Hoàng Long | ||
| 245 | 0 | |a Phân tích sự tồn tại : | |
| 245 | 0 | |b Luận văn Thạc sĩ chuyên ngành Lý thuyết xác suất và thống kê toán học | |
| 245 | 0 | |c Nguyễn Hoàng Long ; Lê Thị Xuân Mai (Hướng dẫn khoa học) | |
| 260 | |a Cần Thơ | ||
| 260 | |b Trường Đại học Cần Thơ | ||
| 260 | |c 2014 | ||
| 520 | |a Đề tài trình bày định nghĩa về thời gian tồn tại, sự mất dữ liệu, hàm sống sót, hàm mật độ xác suất, ... Phân tích tham số và trình bày mô hình tỷ lệ mạo hiểm Cox. | ||
| 650 | |a Failure time data analysis,Phân tích dữ liệu thời gian thất bại | ||
| 650 | |x Data processing,Xử lý dữ liệu | ||
| 910 | |a Hải | ||
| 980 | |a Trung tâm Học liệu Trường Đại học Cần Thơ | ||